Pokémon TCGP: Pokémon Types - Statistics

General Stats
  • This quiz has been taken 31 times
  • The average score is 9 of 10
Answer Stats
Answer % Correct
Fighting
100%
Fire
100%
Grass
100%
Psychic
100%
Water
100%
Dragon
82%
Metal
79%
Lightning
75%
Colorless
68%
Darkness
68%
No matching quizzes found
Score Distribution
Percent of People with Each Score
Percentile by Number Answered
Your Score History
You have not taken this quiz